000 02894cam a22003494a 4500
001 424
003 OSt
005 20250527150858.0
008 061003 1993 bl # 000 por
020 _a8571643492
040 _bpor
041 _hpor
_aeng
082 _a296
_bV523m
100 1 _aGeza, Vermes
_d1924- 2013
245 0 0 _aOs manuscritos do mar morto /
_cGeza, Vermes ; Tradução de Júlia Bárány e Maria Helena de Oliveira Tricca
260 _aSão Paulo
_bCompanhia das Letras
_c1993
300 _a415 p.
520 _aOs Manuscritos do Mar Morto, única obra que traz a tradução integral de todos os textos liberados ao público até o momento, faculta confiável e direto acesso às traduções desses fascinantes documentos, todo o material acessível à tradução dos manuscritos até agora. Como o processo de entrega dos documentos aos eruditos que os estudam tem sido muito lento, Geza Vermes - desde a publicação da primeira versão, em 1962 - tem acrescentado a cada uma delas mais textos traduzidos. Neste livro foram acrescentados vinte e seis novos textos, uma introdução discutindo o desenrolar da questão Qumran, com todos os seus problemas, e um inventário - apresentado pela primeira vez - de todos os documentos entregues em 1991; Esses fascinantes documentos, que foram encontrados em 1947, em Israel, trouxeram uma enorme mudança no entendimento da Bíblia hebraica, do judaísmo pós-bíblico e das origens do cristianismo. O grande interesse mundial por esses escritos está ligado a vários fatores: foram encontrados todos os textos da Bíblia hebraica (à exceção do Livro de Ester), textos esses mil anos mais antigos que o mais velho códice conhecido até então; a importância dos textos não-bíblicos, que mostram a preparação para a vinda de Jesus Cristo; por meio deles se pode conhecer melhor as raízes do Cristianismo. Enfim, o maior achado arqueológico do século XX, que proporcionou uma tradução mais acurada da própria Bíblia; Os primeiros capítulos descrevem a filosofia, a vida, as crenças e o significado dos escritos dos essênios. Esta obra tem a virtude de ser um eficiente guia para eruditos, estudantes cujos interesses abranjam o antigo judaísmo e o cristianismo incipiente e para o público em geral, que queiram conhecer um pouco mais essa seita extraordinária - os essênios.
650 0 _aLiteratura Inglesa
_989
650 0 _aGnosticismo
_9911
650 _aManuscritos do Mar Morto
650 0 _aEscrituras judaicas — Textos antigos
_9906
650 _aArqueologia Bíblica
650 0 _aInterpretação bíblica — Antiguidade
_9908
655 0 _aNão Ficção
_9102
655 0 _aEstudo Arqueológico
_9909
700 1 _aEdmund, Wilson
700 1 _aHildegard, Feist
700 1 _aMaria Helena de Oliveira, Tricca
700 1 _aJúlia Bárány, Bartolomei
942 _2ddc
_cBK
999 _c424
_d424